Statistiques concernant Plus de victoires par écuries en Formule 1

Cliquez ici pour prendre le quiz!

Statistiques générales

  • Ce quiz a été pris 59 fois
  • Le résultat moyen est 14 sur 28

Statistiques - réponses

EcuriesPilotes% Correct
MercedesLewis Hamilton
96%
Red BullMax Verstappen
96%
BenettonMichael Schumacher
96%
FerrariMichael Schumacher
96%
Renault / AlpineFernando Alonso
91%
Alpha TauriPierre Gasly
87%
Toro RossoSebastian Vettel
82%
Racing PointSergio Perez
82%
McLarenAyrton Senna
73%
Brawn GPJenson Button
69%
HondaRichie Ginther / John Surtees / Jenson Button
69%
Alfa RomeoJuan Manuel Fangio
60%
MaseratiJuan Manuel Fangio
60%
BRMGraham Hill
44%
Cooper Car CompanyJack Brabham
42%
BrabhamJack Brabham
42%
WilliamsNigel Mansell
40%
LotusJim Clark
33%
BMW SauberRobert Kubica
33%
MatraJackie Stewart
27%
TyrrellJackie Stewart
27%
HeskethJames Hunt
27%
Shadow RacingAlan Jones
16%
LigierJacques Laffite
16%
Walter WolfJody Scheckter
16%
JordanHeinz-Harald Frentzen
11%
VanwallStirling Moss
11%
PorscheDan Gurney
4%

Distribution des résultats

Percentile par nombre de réponses

% des personnes avec chaque résultat

Votre développement - résultats

Vous n’avez pas pris ce quiz